[Event "ST-2022-0-00225"]
[Site "LSS email"]
[Date "2022.12.09"]
[Round "?"]
[White "Noskov, Vladimir Valentinov"]
[Black "Hernandez Molina, David Enrique"]
[Result "1/2-1/2"]
[WhiteElo "2346"]
[BlackElo "2343"]
[PlyCount "42"]
[EventDate "2022.07.29"]
[EventType "tourn (corr)"]
[EventRounds "6"]
[EventCountry "GER"]
[SourceTitle "Corr 2024"]
[Source "ChessBase"]
[SourceDate "2023.10.19"]
[SourceVersion "1"]
[SourceVersionDate "2023.10.19"]
[SourceQuality "1"]

1. e4 e5 2. Nf3 Nc6 3. Bb5 f5 4. d3 fxe4 5. dxe4 Nf6 6. 0-0 Bc5 7. Bxc6 bxc6 8. Nxe5 0-0 9. Nc3 d6 10. Na4 Bxf2+ 11. Rxf2 dxe5 12. Qxd8 Rxd8 13. Bg5 Rd4 14. Bxf6 Rxa4 15. Bxe5 Rxe4 16. Bxc7 a5 17. Rd1 Be6 18. b3 h5 19. h3 a4 20. Rd6 axb3 21. axb3 Ra1+ 1/2-1/2

[Event "ST-2022-0-00216"]
[Site "LSS email"]
[Date "2022.03.22"]
[Round "?"]
[White "Koch, Christian"]
[Black "Hernandez Molina, David Enrique"]
[Result "1/2-1/2"]
[WhiteElo "2352"]
[BlackElo "2312"]
[PlyCount "45"]
[EventDate "2022.01.16"]
[EventType "tourn (corr)"]
[EventRounds "6"]
[EventCountry "GER"]
[SourceTitle "Corr 2024"]
[Source "ChessBase"]
[SourceDate "2023.10.19"]
[SourceVersion "1"]
[SourceVersionDate "2023.10.19"]
[SourceQuality "1"]

1. Nf3 b6 2. e4 Bb7 3. Nc3 e6 4. d4 Bb4 5. Bd3 Nf6 6. Nd2 c5 7. dxc5 Nc6 8. cxb6 axb6 9. 0-0 0-0 10. Nf3 Bxc3 11. bxc3 Qc7 12. Re1 Ng4 13. h3 Nge5 14. Bf4 Nxf3+ 15. Qxf3 Ne5 16. Qg3 d6 17. Bb5 Ra3 18. Re3 Raa8 19. c4 Bc6 20. Rc3 Rfc8 21. Bxc6 Qxc6 22. Bxe5 dxe5 23. Qxe5 1/2-1/2

[Event "WC-2021-S-00004"]
[Site "LSS email"]
[Date "2021.04.03"]
[Round "?"]
[White "Haug, Ulrich"]
[Black "Hernandez Molina, David Enrique"]
[Result "1/2-1/2"]
[WhiteElo "2440"]
[BlackElo "2267"]
[PlyCount "55"]
[EventDate "2021.04.03"]
[EventType "tourn (corr)"]
[EventRounds "6"]
[EventCountry "GER"]
[SourceTitle "Corr 2024"]
[Source "ChessBase"]
[SourceDate "2023.10.19"]
[SourceVersion "1"]
[SourceVersionDate "2023.10.19"]
[SourceQuality "1"]

1. Nf3 Nf6 2. g3 d5 3. Bg2 c6 4. 0-0 Bf5 5. d3 e6 6. Nh4 Bg4 7. h3 Bh5 8. Qe1 Be7 9. e4 Nfd7 10. f4 Bxh4 11. gxh4 0-0 12. Be3 f5 13. Qg3 Na6 14. e5 c5 15. a3 Rc8 16. Nd2 h6 17. c4 Nb6 18. Kh2 Rc7 19. b4 cxb4 20. axb4 dxc4 21. b5 Nc5 22. dxc4 Nba4 23. Nb3 Be2 24. Rg1 Nxb3 25. Rxa4 b6 26. Bxb6 axb6 27. Qxb3 Qxh4 28. Qe3 1/2-1/2

[Event "WC-2021-S-00004"]
[Site "LSS email"]
[Date "2021.04.03"]
[Round "?"]
[White "Hernandez Molina, David Enrique"]
[Black "Boehme, Sebastian"]
[Result "1-0"]
[WhiteElo "2267"]
[BlackElo "2459"]
[PlyCount "67"]
[EventDate "2021.04.03"]
[EventType "tourn (corr)"]
[EventRounds "6"]
[EventCountry "GER"]
[SourceTitle "Corr 2024"]
[Source "ChessBase"]
[SourceDate "2023.10.19"]
[SourceVersion "1"]
[SourceVersionDate "2023.10.19"]
[SourceQuality "1"]

1. Nf3 d5 2. d4 Nf6 3. c4 e6 4. Nc3 c6 5. Bg5 dxc4 6. e4 b5 7. e5 h6 8. Bh4 g5 9. Nxg5 Nd5 10. Nxf7 Qxh4 11. Nxh8 Bb4 12. Rc1 c5 13. dxc5 Qe4+ 14. Be2 Bxc3+ 15. bxc3 Nf4 16. Rg1 Nc6 17. Kf1 Qxe5 18. Bf3 Bb7 19. Nf7 Kxf7 20. Qd7+ Ne7 21. Qxb7 Rb8 22. Qe4 Kf6 23. Rc2 Nd3 24. c6 Qxe4 25. Bxe4 Nc5 26. f3 Rc8 27. Kf2 Nxc6 28. Ke3 Ne7 29. Rd1 Rb8 30. g4 Rg8 31. h4 Nxe4 32. Kxe4 Nd5 33. Rb1 a6 34. a4 1-0

[Event "WC-2021-S-00004"]
[Site "LSS email"]
[Date "2021.04.03"]
[Round "?"]
[White "Hernandez Molina, David Enrique"]
[Black "Haug, Ulrich"]
[Result "1-0"]
[WhiteElo "2267"]
[BlackElo "2440"]
[PlyCount "121"]
[EventDate "2021.04.03"]
[EventType "tourn (corr)"]
[EventRounds "6"]
[EventCountry "GER"]
[SourceTitle "Corr 2024"]
[Source "ChessBase"]
[SourceDate "2023.10.19"]
[SourceVersion "1"]
[SourceVersionDate "2023.10.19"]
[SourceQuality "1"]

1. e4 c5 2. Nf3 Nc6 3. Bb5 e6 4. 0-0 Nge7 5. Re1 a6 6. Bf1 d5 7. exd5 Nxd5 8. d4 Nf6 9. Be3 Be7 10. c4 0-0 11. Nc3 cxd4 12. Nxd4 Ne5 13. h3 Bd7 14. Rc1 Rc8 15. Qb3 Bc5 16. a3 h6 17. Qa2 a5 18. b3 Qe7 19. Nc2 Bd6 20. Rcd1 Bc6 21. Bb6 Ra8 22. Bd4 Nfd7 23. Nb5 Bxb5 24. cxb5 Ng6 25. Qa1 e5 26. Bc3 Rfd8 27. Qb1 Bc5 28. a4 Nf6 29. Rxd8+ Qxd8 30. Ne3 b6 31. Bc4 Kf8 32. b4 axb4 33. Bxb4 Bxb4 34. Qxb4+ Qe7 35. Qb3 Nf4 36. Nf5 Qc7 37. Qa3+ Kg8 38. Ne7+ Kh7 39. Nc6 e4 40. Rd1 Ne6 41. Bb3 Kh8 42. Qe7 Qxe7 43. Nxe7 Re8 44. Nf5 Nc5 45. Bxf7 Rf8 46. Bc4 Nxa4 47. Rd6 Kh7 48. g4 Rb8 49. Kf1 Nb2 50. Be6 Na4 51. Ne3 Nc3 52. Bc4 Na4 53. h4 Nc5 54. g5 hxg5 55. hxg5 Nh5 56. Nd5 Nd3 57. Nxb6 Nhf4 58. Nd5 Nh3 59. f4 Ndxf4 60. Nxf4 Nxf4 61. Kf2 1-0

[Event "WC-2021-S-00004"]
[Site "LSS email"]
[Date "2021.04.03"]
[Round "?"]
[White "Hernandez Molina, David Enrique"]
[Black "Pascual Perez, Norge"]
[Result "1/2-1/2"]
[WhiteElo "2267"]
[BlackElo "2432"]
[PlyCount "49"]
[EventDate "2021.04.03"]
[EventType "tourn (corr)"]
[EventRounds "6"]
[EventCountry "GER"]
[SourceTitle "Corr 2024"]
[Source "ChessBase"]
[SourceDate "2023.10.19"]
[SourceVersion "1"]
[SourceVersionDate "2023.10.19"]
[SourceQuality "1"]

1. e4 c5 2. Nf3 d6 3. d4 cxd4 4. Nxd4 Nf6 5. Nc3 a6 6. Be3 e5 7. Nb3 Be6 8. f3 h5 9. Qd2 Nbd7 10. Nd5 Bxd5 11. exd5 g6 12. 0-0-0 Nb6 13. Qa5 Bh6 14. Bxh6 Rxh6 15. Qd2 Rh8 16. Na5 Kf8 17. c4 Kg7 18. Bd3 Qc7 19. Kb1 Nbd7 20. Rhe1 h4 21. Rc1 Rae8 22. Bc2 Nb8 23. Ba4 Nbd7 24. a3 Rh5 25. b4 1/2-1/2

[Event "WC-2019-Q-00005"]
[Site "LSS email"]
[Date "2019.08.28"]
[Round "?"]
[White "Hernandez Molina, David Enrique"]
[Black "Pilgram, Kurt"]
[Result "1-0"]
[WhiteElo "2248"]
[BlackElo "2154"]
[PlyCount "99"]
[EventDate "2019.09.01"]
[EventType "tourn (corr)"]
[EventRounds "12"]
[EventCountry "GER"]
[SourceTitle "Corr 2022"]
[Source "ChessBase"]
[SourceDate "2021.10.24"]
[SourceVersion "1"]
[SourceVersionDate "2021.10.24"]
[SourceQuality "1"]

1. e4 c5 2. Nf3 d6 3. d4 cxd4 4. Nxd4 Nf6 5. Nc3 a6 6. h3 e5 7. Nde2 b5 8. Ng3 Nbd7 9. a4 Qa5 10. Bd2 b4 11. Na2 d5 12. exd5 Bb7 13. Be2 Bxd5 14. 0-0 Qb6 15. Bf3 e4 16. a5 Qb7 17. Qe1 Bc5 18. Bxb4 0-0 19. Be2 e3 20. f3 Bxa2 21. Bxc5 Nxc5 22. Rxa2 Rfe8 23. Ra3 Rac8 24. b4 Ne6 25. Rxe3 Qa7 26. Qf2 Rxc2 27. f4 Rb8 28. f5 Nd4 29. Rd1 Rxb4 30. Red3 Rxe2 31. Nxe2 Nxe2+ 32. Kf1 Qxf2+ 33. Kxf2 h5 34. Rd8+ Kh7 35. Kxe2 Ra4 36. Rf8 Rxa5 37. Rxf7 Rxf5 38. Ra1 a5 39. Ra7 Rb5 40. R1xa5 Rb2+ 41. Kf3 Kh6 42. R5a6 Rb5 43. Re6 Rb3+ 44. Kf2 Rb2+ 45. Kg3 Rb5 46. Ree7 Rg5+ 47. Kh2 Nd5 48. Re6+ Nf6 49. Ree7 Nd5 50. Rf7 1-0

[Event "WC-2019-Q-00005"]
[Site "LSS email"]
[Date "2019.08.28"]
[Round "?"]
[White "Husemann, Andreas"]
[Black "Hernandez Molina, David Enrique"]
[Result "1/2-1/2"]
[WhiteElo "2298"]
[BlackElo "2248"]
[PlyCount "32"]
[EventDate "2019.09.01"]
[EventType "tourn (corr)"]
[EventRounds "12"]
[EventCountry "GER"]
[SourceTitle "Corr 2022"]
[Source "ChessBase"]
[SourceDate "2021.10.24"]
[SourceVersion "1"]
[SourceVersionDate "2021.10.24"]
[SourceQuality "1"]

1. d4 Nf6 2. c4 e6 3. Nc3 Bb4 4. f3 d5 5. a3 Bxc3+ 6. bxc3 c5 7. cxd5 exd5 8. e3 0-0 9. Bd3 Re8 10. Ne2 Nc6 11. 0-0 b6 12. Ng3 h5 13. Ra2 Be6 14. Re2 Rc8 15. Qe1 Ne7 16. e4 dxe4 1/2-1/2

[Event "WC-2018-S-00004"]
[Site "LSS email"]
[Date "2018.07.11"]
[Round "?"]
[White "Aberbach Peltzman, Angel"]
[Black "Hernandez Molina, David Enrique"]
[Result "1/2-1/2"]
[WhiteElo "2294"]
[BlackElo "2237"]
[PlyCount "101"]
[EventDate "2018.07.15"]
[EventType "tourn (corr)"]
[EventRounds "12"]
[EventCountry "GER"]
[SourceTitle "Corr 2024"]
[Source "ChessBase"]
[SourceDate "2023.10.19"]
[SourceVersion "1"]
[SourceVersionDate "2023.10.19"]
[SourceQuality "1"]

1. d4 d5 2. Bf4 Nf6 3. e3 c5 4. c3 Nc6 5. Nd2 Bf5 6. Qb3 Qd7 7. Ngf3 c4 8. Qd1 e6 9. Be2 b5 10. 0-0 Bd6 11. Bxd6 Qxd6 12. Nh4 a6 13. g4 Bg6 14. f4 Qe7 15. Qe1 Rd8 16. f5 exf5 17. gxf5 Bh5 18. Bxh5 Nxh5 19. f6 Nxf6 20. Nf5 Qd7 21. Nxg7+ Kf8 22. Rxf6 Rg8 23. Nf1 Re8 24. Ng3 Rxg7 25. Kh1 Re6 26. Rf4 Ne7 27. Nh5 Rgg6 28. Qf2 f5 29. Rf1 Ke8 30. Rf3 Rd6 31. Ng3 Rdf6 32. a3 Rf7 33. Nxf5 Rxf5 34. Rxf5 Nxf5 35. Qxf5 Qxf5 36. Rxf5 Re6 37. Rf3 Kd7 38. Kg1 Kc6 39. Kf2 Rh6 40. Kg2 Re6 41. Rh3 Kb6 42. Kf3 Rf6+ 43. Ke2 Rg6 44. Kf3 Rf6+ 45. Kg3 Rf1 46. Rh5 Rb1 47. Rxd5 Rxb2 48. e4 Rc2 49. e5 Rxc3+ 50. Kf4 Rc1 51. Rd6+ 1/2-1/2

[Event "WC-2018-S-00004"]
[Site "LSS email"]
[Date "2018.07.11"]
[Round "?"]
[White "Jarabinsky, Martin"]
[Black "Hernandez Molina, David Enrique"]
[Result "1/2-1/2"]
[WhiteElo "2296"]
[BlackElo "2237"]
[PlyCount "70"]
[EventDate "2018.07.15"]
[EventType "tourn (corr)"]
[EventRounds "12"]
[EventCountry "GER"]
[SourceTitle "Corr 2024"]
[Source "ChessBase"]
[SourceDate "2023.10.19"]
[SourceVersion "1"]
[SourceVersionDate "2023.10.19"]
[SourceQuality "1"]

1. e4 c5 2. Nf3 d6 3. d4 cxd4 4. Nxd4 Nf6 5. Nc3 a6 6. Bg5 e6 7. f4 Qb6 8. Nb3 Be7 9. Qd2 Nbd7 10. 0-0-0 Qc7 11. Bxf6 Nxf6 12. g4 h6 13. a3 b5 14. Kb1 Rb8 15. Bd3 d5 16. exd5 b4 17. axb4 Bxb4 18. Nb5 Qe7 19. Nc3 Qc7 20. dxe6 Bxe6 21. f5 Bxb3 22. cxb3 0-0 23. Bc4 Nxg4 24. Rhg1 Qe5 25. f6 Bxc3 26. Qxc3 Qxc3 27. bxc3 Nxf6 28. Kc2 Rb6 29. Ra1 Ra8 30. Rge1 Kf8 31. b4 Rc6 32. Bb5 Rd6 33. Bc4 Rc6 34. Bb5 Rd6 35. Bc4 Rc6 1/2-1/2

[Event "WC-2018-S-00004"]
[Site "LSS email"]
[Date "2018.07.11"]
[Round "?"]
[White "Willmann, Bernd"]
[Black "Hernandez Molina, David Enrique"]
[Result "1/2-1/2"]
[WhiteElo "2277"]
[BlackElo "2237"]
[PlyCount "51"]
[EventDate "2018.07.15"]
[EventType "tourn (corr)"]
[EventRounds "12"]
[EventCountry "GER"]
[SourceTitle "Corr 2024"]
[Source "ChessBase"]
[SourceDate "2023.10.19"]
[SourceVersion "1"]
[SourceVersionDate "2023.10.19"]
[SourceQuality "1"]

1. e4 c5 2. Nf3 d6 3. Bb5+ Nc6 4. 0-0 Bd7 5. Re1 Nf6 6. c3 a6 7. Bf1 Bg4 8. d4 cxd4 9. cxd4 d5 10. e5 Nd7 11. e6 fxe6 12. Be2 e5 13. dxe5 Bxf3 14. Bxf3 e6 15. Bg4 Qe7 16. Nc3 0-0-0 17. Bf4 Qf7 18. Nxd5 Kb8 19. Bg5 Bc5 20. Nf4 Ndxe5 21. Qc2 Bd6 22. Bxe6 Nd4 23. Qc3 Nxe6 24. Nxe6 Rc8 25. Qb3 Rhe8 26. Nd4 1/2-1/2

[Event "WC-2018-S-00004"]
[Site "LSS email"]
[Date "2018.07.11"]
[Round "?"]
[White "Yarmolyuk, Yury"]
[Black "Hernandez Molina, David Enrique"]
[Result "1/2-1/2"]
[WhiteElo "2273"]
[BlackElo "2237"]
[PlyCount "72"]
[EventDate "2018.07.15"]
[EventType "tourn (corr)"]
[EventRounds "12"]
[EventCountry "GER"]
[SourceTitle "Corr 2024"]
[Source "ChessBase"]
[SourceDate "2023.10.19"]
[SourceVersion "1"]
[SourceVersionDate "2023.10.19"]
[SourceQuality "1"]

1. d4 d5 2. c4 e6 3. Nc3 Nf6 4. cxd5 exd5 5. Bg5 Be7 6. e3 c6 7. Bd3 0-0 8. Qc2 Nbd7 9. Nf3 Re8 10. 0-0 Nf8 11. h3 Be6 12. Rab1 Ne4 13. Bxe7 Rxe7 14. b4 Nd6 15. b5 cxb5 16. Nxb5 Rc8 17. Qe2 Nxb5 18. Rxb5 Rc3 19. Rfb1 b6 20. Qd2 Rec7 21. a4 g6 22. a5 Nd7 23. axb6 axb6 24. R5b3 Rxb3 25. Rxb3 h6 26. Kh2 Rc6 27. Qb2 Qc7+ 28. g3 Qd8 29. Qb1 Kg7 30. Ng1 Nf6 31. Ne2 Nh7 32. Nf4 Ng5 33. Qh1 Qc8 34. g4 Rc1 35. Qg2 Qc6 36. Rb2 Qc7 1/2-1/2

[Event "SA-2018-0-00621"]
[Site "LSS email"]
[Date "2018.01.25"]
[Round "?"]
[White "Hernandez Molina, David Enrique"]
[Black "Susla, Vitaliy"]
[Result "1-0"]
[WhiteElo "2214"]
[BlackElo "2351"]
[PlyCount "51"]
[EventDate "2017.12.30"]
[EventType "tourn (corr)"]
[EventRounds "6"]
[EventCountry "GER"]
[SourceTitle "Corr 2022"]
[Source "ChessBase"]
[SourceDate "2021.10.24"]
[SourceVersion "1"]
[SourceVersionDate "2021.10.24"]
[SourceQuality "1"]

1. e4 c5 2. Nf3 d6 3. d4 cxd4 4. Nxd4 Nf6 5. Nc3 a6 6. h3 e5 7. Nde2 h5 8. Be3 Be6 9. Nd5 Bxd5 10. exd5 g6 11. Qd2 Nbd7 12. Nc3 Qc7 13. a4 Bg7 14. Be2 Nb6 15. a5 Nc4 16. Bxc4 Qxc4 17. Ra4 Qc7 18. Bb6 Qd7 19. 0-0 0-0 20. Rb4 Rac8 21. Na4 Ne8 22. c4 f5 23. c5 Rf7 24. Ba7 Qd8 25. Bb6 f4 26. Bxd8 1-0

[Event "WC-2018-P-00014"]
[Site "LSS email"]
[Date "2018.01.22"]
[Round "?"]
[White "Hernandez Molina, David Enrique"]
[Black "Yloenen, Olli"]
[Result "1/2-1/2"]
[WhiteElo "2218"]
[BlackElo "1952"]
[PlyCount "45"]
[EventDate "2018.02.01"]
[EventType "tourn (corr)"]
[EventRounds "12"]
[EventCountry "GER"]
[SourceTitle "Corr 2022"]
[Source "ChessBase"]
[SourceDate "2021.10.24"]
[SourceVersion "1"]
[SourceVersionDate "2021.10.24"]
[SourceQuality "1"]

1. e4 c5 2. Nf3 d6 3. d4 cxd4 4. Nxd4 Nf6 5. Nc3 a6 6. h3 e5 7. Nde2 h5 8. g3 Be6 9. Bg2 b5 10. Be3 Nbd7 11. 0-0 Be7 12. Nd5 Nxd5 13. exd5 Bf5 14. f4 Rc8 15. c3 g6 16. Qd2 b4 17. fxe5 bxc3 18. bxc3 dxe5 19. d6 Bf6 20. Rad1 Kf8 21. Rxf5 gxf5 22. Kh1 Qe8 23. Bh6+ 1/2-1/2

[Event "WC-2018-P-00014"]
[Site "LSS email"]
[Date "2018.01.22"]
[Round "?"]
[White "Sikorski, Roman"]
[Black "Hernandez Molina, David Enrique"]
[Result "1/2-1/2"]
[WhiteElo "2131"]
[BlackElo "2218"]
[PlyCount "63"]
[EventDate "2018.02.01"]
[EventType "tourn (corr)"]
[EventRounds "12"]
[EventCountry "GER"]
[SourceTitle "Corr 2022"]
[Source "ChessBase"]
[SourceDate "2021.10.24"]
[SourceVersion "1"]
[SourceVersionDate "2021.10.24"]
[SourceQuality "1"]

1. e4 c5 2. Nf3 d6 3. d4 cxd4 4. Nxd4 Nc6 5. Nc3 a6 6. Be3 e5 7. Nb3 Be6 8. Qd2 Nf6 9. 0-0-0 b5 10. Kb1 Na5 11. Bg5 Nc4 12. Qe1 Be7 13. f4 exf4 14. Bxc4 bxc4 15. Nd4 Qb6 16. Bxf4 0-0 17. Nxe6 fxe6 18. e5 dxe5 19. Bxe5 Ba3 20. b3 Qc6 21. Rd4 cxb3 22. axb3 Rac8 23. Ra4 Nd7 24. Rxa3 Nxe5 25. Qxe5 Qxc3 26. Qxe6+ Kh8 27. Rc1 Rf2 28. Qxa6 Rxg2 29. Qb7 Rxc2 30. Qxc8+ Qxc8 31. Rxc2 Qf8 32. Ra4 1/2-1/2

[Event "RA-2017-0-00554"]
[Site "LSS email"]
[Date "2017.12.09"]
[Round "?"]
[White "Hernandez Molina, David Enrique"]
[Black "Almeraya, Eduardo"]
[Result "1/2-1/2"]
[WhiteElo "2225"]
[BlackElo "2242"]
[PlyCount "59"]
[EventDate "2017.11.08"]
[EventType "tourn (corr)"]
[EventRounds "6"]
[EventCountry "GER"]
[SourceTitle "Corr 2022"]
[Source "ChessBase"]
[SourceDate "2021.10.24"]
[SourceVersion "1"]
[SourceVersionDate "2021.10.24"]
[SourceQuality "1"]

1. e4 c5 2. Nf3 d6 3. d4 cxd4 4. Nxd4 Nf6 5. Nc3 Nc6 6. Bg5 e6 7. Qd2 Be7 8. 0-0-0 Nxd4 9. Qxd4 a6 10. f4 h6 11. Bxf6 Bxf6 12. Qxd6 Qxd6 13. Rxd6 Be7 14. Rd3 b5 15. a3 g5 16. g3 Bb7 17. Be2 Rd8 18. Rf1 Rxd3 19. cxd3 h5 20. Kd2 h4 21. Bf3 hxg3 22. hxg3 Rh2+ 23. Ne2 a5 24. Ke3 gxf4+ 25. gxf4 Bh4 26. e5 Bxf3 27. Rxf3 f5 28. exf6 Bxf6 29. d4 Kd7 30. Kd3 1/2-1/2

[Event "SA-2017-0-00613"]
[Site "LSS email"]
[Date "2017.12.09"]
[Round "?"]
[White "Hernandez Molina, David Enrique"]
[Black "Koch, Christian"]
[Result "1/2-1/2"]
[WhiteElo "2220"]
[BlackElo "2285"]
[PlyCount "59"]
[EventDate "2017.11.26"]
[EventType "tourn (corr)"]
[EventRounds "6"]
[EventCountry "GER"]
[SourceTitle "Corr 2022"]
[Source "ChessBase"]
[SourceDate "2021.10.24"]
[SourceVersion "1"]
[SourceVersionDate "2021.10.24"]
[SourceQuality "1"]

1. d4 d5 2. c4 c6 3. Nf3 Nf6 4. Nc3 e6 5. Bg5 h6 6. Bh4 dxc4 7. e4 g5 8. Bg3 b5 9. Be2 Bb7 10. h4 g4 11. Ne5 Nbd7 12. Bxg4 Rg8 13. Nxd7 Qxd7 14. Bf3 c5 15. e5 Nd5 16. Ne4 0-0-0 17. 0-0 Rxg3 18. Nxg3 Nf4 19. a4 b4 20. Rc1 Nd3 21. Rc2 Ba6 22. dxc5 Qc7 23. Ne4 Qxe5 24. Nd6+ Bxd6 25. cxd6 Rxd6 26. Qe2 Qd4 27. Rd1 f5 28. Rxd3 Qxd3 29. Qe5 Qd4 30. Qg3 1/2-1/2

[Event "RA-2017-0-00554"]
[Site "LSS email"]
[Date "2017.12.09"]
[Round "?"]
[White "Hernandez Molina, David Enrique"]
[Black "Mostowik, Daniel"]
[Result "1/2-1/2"]
[WhiteElo "2225"]
[BlackElo "2139"]
[PlyCount "64"]
[EventDate "2017.11.08"]
[EventType "tourn (corr)"]
[EventRounds "6"]
[EventCountry "GER"]
[SourceTitle "Corr 2022"]
[Source "ChessBase"]
[SourceDate "2021.10.24"]
[SourceVersion "1"]
[SourceVersionDate "2021.10.24"]
[SourceQuality "1"]

1. e4 c5 2. Nf3 d6 3. d4 cxd4 4. Nxd4 Nf6 5. Nc3 a6 6. Be3 e5 7. Nb3 Be6 8. f3 Be7 9. Qd2 0-0 10. 0-0-0 Nbd7 11. g4 b5 12. g5 Nh5 13. Nd5 Bxd5 14. exd5 f6 15. gxf6 Bxf6 16. Na5 Qe8 17. Bh3 Nf4 18. Bxf4 exf4 19. Rhe1 Ne5 20. Re4 Qh5 21. Be6+ Kh8 22. Qe2 Bd8 23. Nc6 Nc4 24. Kb1 Bb6 25. a4 Ne3 26. a5 Bd8 27. Rd3 Bh4 28. c3 Qg6 29. Ka2 Qh5 30. Bd7 Qf7 31. Bh3 Rae8 32. Be6 Qh5 1/2-1/2

[Event "WC-2017-S-00005"]
[Site "LSS email"]
[Date "2017.05.17"]
[Round "?"]
[White "Aberbach Peltzman, Angel"]
[Black "Hernandez Molina, David Enrique"]
[Result "1/2-1/2"]
[WhiteElo "2252"]
[BlackElo "2232"]
[PlyCount "50"]
[EventDate "2017.06.01"]
[EventType "tourn (corr)"]
[EventRounds "12"]
[EventCountry "GER"]
[SourceTitle "Corr 2024"]
[Source "ChessBase"]
[SourceDate "2023.10.19"]
[SourceVersion "1"]
[SourceVersionDate "2023.10.19"]
[SourceQuality "1"]

1. e4 c5 2. Nf3 d6 3. d4 cxd4 4. Nxd4 Nf6 5. Nc3 a6 6. h3 e5 7. Nde2 h5 8. Ng1 b5 9. Nf3 Bb7 10. Ng5 Nbd7 11. Qf3 Be7 12. Bd3 0-0 13. 0-0 Rc8 14. a3 Nc5 15. Be3 Nxd3 16. cxd3 d5 17. exd5 g6 18. Qg3 Re8 19. d4 exd4 20. Bxd4 Nxd5 21. Nce4 Qc7 22. Be5 Qc6 23. Rac1 Qxc1 24. Rxc1 Rxc1+ 25. Kh2 Rcc8 1/2-1/2

[Event "WC-2017-S-00005"]
[Site "LSS email"]
[Date "2017.05.17"]
[Round "?"]
[White "Hernandez Molina, David Enrique"]
[Black "Larin, Igor"]
[Result "1/2-1/2"]
[WhiteElo "2232"]
[BlackElo "2245"]
[PlyCount "55"]
[EventDate "2017.06.01"]
[EventType "tourn (corr)"]
[EventRounds "12"]
[EventCountry "GER"]
[SourceTitle "Corr 2024"]
[Source "ChessBase"]
[SourceDate "2023.10.19"]
[SourceVersion "1"]
[SourceVersionDate "2023.10.19"]
[SourceQuality "1"]

1. e4 e5 2. Nf3 Nc6 3. Bb5 Nf6 4. 0-0 Nxe4 5. d4 Nd6 6. Bxc6 dxc6 7. dxe5 Nf5 8. Qxd8+ Kxd8 9. Nc3 Ke8 10. Rd1 Be7 11. h3 Be6 12. Bg5 Bb4 13. Ne2 h6 14. Bd2 Bxd2 15. Rxd2 Rd8 16. Rxd8+ Kxd8 17. Rd1+ Kc8 18. Nf4 c5 19. g4 Ne7 20. Nxe6 fxe6 21. Kg2 Nc6 22. Kg3 b5 23. Rd3 c4 24. Rd2 a5 25. h4 g6 26. c3 Rf8 27. a3 a4 28. Re2 1/2-1/2

[Event "WC-2017-S-00005"]
[Site "LSS email"]
[Date "2017.05.17"]
[Round "?"]
[White "Krueger, Hilmar"]
[Black "Hernandez Molina, David Enrique"]
[Result "1-0"]
[WhiteElo "2235"]
[BlackElo "2232"]
[PlyCount "93"]
[EventDate "2017.06.01"]
[EventType "tourn (corr)"]
[EventRounds "12"]
[EventCountry "GER"]
[SourceTitle "Corr 2024"]
[Source "ChessBase"]
[SourceDate "2023.10.19"]
[SourceVersion "1"]
[SourceVersionDate "2023.10.19"]
[SourceQuality "1"]

1. e4 c5 2. Nf3 d6 3. d4 cxd4 4. Nxd4 Nf6 5. Nc3 a6 6. Be3 e5 7. Nb3 Be6 8. f3 h5 9. Qd2 Nbd7 10. Nd5 Bxd5 11. exd5 g6 12. 0-0-0 Nb6 13. Qa5 Bh6 14. Bxh6 Rxh6 15. Qd2 Rh8 16. f4 exf4 17. Qxf4 Kf8 18. Bd3 Kg7 19. Nd4 Ng4 20. Rhf1 Qf6 21. Qe4 Qe5 22. Ne6+ Kg8 23. Qb4 fxe6 24. Rde1 Qxd5 25. Qxb6 Kg7 26. Rf4 e5 27. Rb4 Rab8 28. Be4 Qe6 29. a3 Rhd8 30. Bxb7 Nxh2 31. Qxa6 Ng4 32. Kb1 Qe7 33. Be4 Rxb4 34. axb4 Qh4 35. Rf1 Nf6 36. Bc6 Rf8 37. b5 Nd5 38. Qa7+ Qe7 39. Qxe7+ Nxe7 40. Rd1 Nf5 41. b4 Rc8 42. c4 Ne3 43. Rc1 Nf5 44. Kb2 Ne7 45. Bb7 Rb8 46. Ba6 Kf7 47. c5 1-0